000 00281nam a22000977a 4500
999 _c526529
_d526529
082 _aSNT A99 V836/2
100 _aVivekananda Ji
_945790
245 _aThe complete works of Swami Vivekananda
_bBy Vivekananda Ji
260 _aUttrakhand
_bSwami Bodhasarananda
_c2013
300 _a549p